[Event "Niteroi op 3rd"]
[Site "Niteroi"]
[Date "2023.09.06"]
[Round "4"]
[White "Baeta, Marcio Netto"]
[Black "Zampronha, Wladimir Camilo"]
[Result "1-0"]
[WhiteElo "1862"]
[BlackElo "2170"]
[PlyCount "43"]
[EventDate "2023.09.04"]
[EventType "swiss"]
[EventRounds "9"]
[EventCountry "BRA"]
[SourceTitle "EXT 2024"]
[Source "ChessBase"]
[SourceDate "2023.10.10"]
[SourceVersion "1"]
[SourceVersionDate "2023.10.10"]
[SourceQuality "1"]

1. e4 c5 2. d4 cxd4 3. Nf3 Nf6 4. e5 Nd5 5. Qxd4 e6 6. c4 Nc6 7. Qd1 Bb4+ 8. Bd2 Nf4 9. Bxb4 Nxb4 10. Qd2 Qa5 11. Nc3 Ng6 12. Be2 Nxe5 13. Nxe5 Qxe5 14. Nb5 Nc6 15. f4 Qb8 16. Nd6+ Ke7 17. 0-0-0 Qc7 18. f5 e5 19. Qg5+ Kf8 20. f6 Rg8 21. Rhf1 Qd8 22. Qh5 1-0

[Event "Cinelandia de Andrade Memorial 4th"]
[Site "Cinelandia"]
[Date "2022.08.05"]
[Round "1"]
[White "Veiga Da Silva, Paulo Roberto Costa"]
[Black "Baeta, Marcio Netto"]
[Result "1-0"]
[WhiteElo "1800"]
[BlackElo "1825"]
[PlyCount "97"]
[EventDate "2022.08.05"]
[EventType "swiss"]
[EventRounds "5"]
[EventCountry "BRA"]
[SourceTitle "CBM 209 Extra"]
[Source "ChessBase"]
[SourceDate "2022.09.30"]
[SourceVersion "1"]
[SourceVersionDate "2022.09.30"]
[SourceQuality "1"]

1. c4 Nf6 2. d4 c5 3. d5 b5 4. cxb5 a6 5. bxa6 g6 6. Nc3 Qa5 7. a7 Rxa7 8. Bd2 Bg7 9. e4 d6 10. Nb5 Qb6 11. Nxa7 Qxa7 12. Bb5+ Bd7 13. Bxd7+ Nbxd7 14. Qc2 0-0 15. Ne2 Ne5 16. 0-0 Rb8 17. Bc3 Nfd7 18. h3 Nb6 19. b3 Qa3 20. f4 Ned7 21. Bxg7 Kxg7 22. Qc3+ Kg8 23. Rfd1 Nf6 24. Qc2 Qb4 25. Nc3 c4 26. bxc4 Nxc4 27. Rab1 Qc5+ 28. Qf2 Rxb1 29. Rxb1 Ne3 30. Re1 Qxc3 31. Qxe3 Qc4 32. a3 Kg7 33. Rc1 Qa4 34. Rb1 Nxe4 35. Rb4 Qd1+ 36. Kh2 f5 37. Qd4+ Qxd4 38. Rxd4 Nc5 39. a4 Kf7 40. a5 e6 41. dxe6+ Kxe6 42. Kg3 Kd7 43. Kh4 Kc7 44. Kg3 Kc6 45. Rb4 d5 46. Kf3 Kc7 47. Ke3 Ne6 48. a6 d4+ 49. Rxd4 1-0

[Event "Rio de Janeiro Estadual Cup"]
[Site "Rio de Janeiro"]
[Date "2022.07.23"]
[Round "2"]
[White "Baeta, Marcio Netto"]
[Black "Lima, Stefan Moisei Vieir"]
[Result "0-1"]
[WhiteElo "1825"]
[BlackElo "1917"]
[PlyCount "108"]
[EventDate "2022.07.23"]
[EventType "swiss"]
[EventRounds "6"]
[EventCountry "BRA"]
[SourceTitle "EXT 2023"]
[Source "ChessBase"]
[SourceDate "2022.10.05"]
[SourceVersion "1"]
[SourceVersionDate "2022.10.05"]
[SourceQuality "1"]

1. d4 Nf6 2. c4 g6 3. Nc3 d5 4. cxd5 Nxd5 5. e4 Nxc3 6. bxc3 c5 7. Be3 Bg7 8. Bc4 0-0 9. Ne2 Nc6 10. 0-0 Bg4 11. f3 Na5 12. Bxf7+ Rxf7 13. fxg4 Rxf1+ 14. Kxf1 Qd6 15. e5 Qd5 16. Kg1 Nc4 17. Bg5 Rf8 18. Ng3 cxd4 19. cxd4 e6 20. Ne2 h6 21. Nc3 Qd7 22. Bc1 Rd8 23. g5 h5 24. Ne4 Bxe5 25. Nf6+ Bxf6 26. gxf6 Qxd4+ 27. Qxd4 Rxd4 28. Bh6 Kf7 29. Bg7 Rd7 30. Rc1 b5 31. a4 a6 32. axb5 axb5 33. Ra1 e5 34. Ra8 Rb7 35. Rf8+ Ke6 36. Re8+ Kf5 37. Re7 Rxe7 38. fxe7 Nd6 39. Bf8 Ke6 40. Kf2 Kf7 41. Kf3 Nf5 42. e8Q+ Kxe8 43. Bb4 Kf7 44. g4 hxg4+ 45. Kxg4 Ne3+ 46. Kg5 Nd5 47. Ba3 b4 48. Bb2 e4 49. Kg4 b3 50. Kg3 Nb4 51. Ba3 Nd3 52. h4 Ke6 53. Kg4 Kf6 54. Kg3 Kf5 0-1

[Event "BRA-ch 87th"]
[Site "Cuiaba"]
[Date "2021.11.03"]
[Round "10"]
[White "Baeta, Marcio Netto"]
[Black "Jenidarchiche, Douglas Rodrigo"]
[Result "0-1"]
[WhiteElo "1906"]
[BlackElo "1815"]
[PlyCount "136"]
[EventDate "2021.10.28"]
[EventType "swiss"]
[EventRounds "11"]
[EventCountry "BRA"]
[SourceTitle "CBM 205 Extra"]
[Source "ChessBase"]
[SourceDate "2022.01.31"]
[SourceVersion "1"]
[SourceVersionDate "2022.01.31"]
[SourceQuality "1"]

1. e4 e5 2. f4 d5 3. exd5 e4 4. d3 Qxd5 5. Nc3 Bb4 6. Bd2 Qe6 7. dxe4 Nf6 8. f5 Qe7 9. Qe2 Nc6 10. Nf3 Bd7 11. e5 Bxc3 12. Bxc3 Nd5 13. e6 fxe6 14. fxe6 Bxe6 15. Bd2 0-0-0 16. 0-0-0 h6 17. Ne5 Nd4 18. Qe4 Nf6 19. Qe3 Rhe8 20. Bc3 c5 21. Bxd4 Bf5 22. Qf2 Rxd4 23. Qxf5+ Kc7 24. Rxd4 cxd4 25. Nd3 Qe3+ 26. Kd1 Ne4 27. Qa5+ Kb8 28. Qe1 Qxe1+ 29. Kxe1 Ng3+ 30. Kf2 Nxh1+ 31. Kg1 Rf8 32. Be2 Rc8 33. Bd1 Rf8 34. Bf3 Rc8 35. Bd1 Rf8 36. g3 Kc7 37. Be2 Re8 38. Bf3 Nxg3 39. hxg3 b6 40. Kf2 Kd6 41. b3 Re3 42. Be2 Re6 43. Ke1 Rf6 44. Kd2 Rg6 45. g4 Rg5 46. Nf2 Re5 47. Nd1 g6 48. Bd3 h5 49. Nf2 hxg4 50. Nxg4 Rg5 51. Be2 Rc5 52. Bf3 Rc3 53. Be2 Rg3 54. a4 Ke6 55. Nf2 g5 56. Ne4 Rg2 57. Kd3 Ke5 58. Bf3 Rg1 59. Nf2 Rg3 60. Ke2 Kf5 61. Ne4 Rxf3 62. Kxf3 g4+ 63. Kg3 Kxe4 64. Kxg4 a5 65. Kg5 Ke3 66. Kf5 Kd2 67. Ke4 Kxc2 68. Kxd4 Kxb3 0-1

[Event "BRA-ch 87th"]
[Site "Cuiaba"]
[Date "2021.11.01"]
[Round "7"]
[White "Paludo, Nicolas Luis Escara"]
[Black "Baeta, Marcio Netto"]
[Result "1/2-1/2"]
[WhiteElo "1821"]
[BlackElo "1906"]
[PlyCount "102"]
[EventDate "2021.10.28"]
[EventType "swiss"]
[EventRounds "11"]
[EventCountry "BRA"]
[SourceTitle "CBM 205 Extra"]
[Source "ChessBase"]
[SourceDate "2022.01.31"]
[SourceVersion "1"]
[SourceVersionDate "2022.01.31"]
[SourceQuality "1"]

1. e4 Nf6 2. Nc3 d5 3. exd5 Nxd5 4. Nxd5 Qxd5 5. Nf3 Bg4 6. Be2 Nc6 7. h3 Bh5 8. c4 Qa5 9. a3 0-0-0 10. 0-0 Bxf3 11. Bxf3 Nd4 12. b4 Qe5 13. Rb1 h5 14. Bb2 g5 15. Re1 Qd6 16. c5 Qg6 17. Bxd4 Rxd4 18. Qa4 g4 19. Qe8+ Rd8 20. Bxb7+ Kxb7 21. Qxd8 Qc6 22. b5 Qxc5 23. Rec1 Qd6 24. Qxd6 cxd6 25. hxg4 hxg4 26. Rc6 Rh5 27. a4 Rc5 28. Rxc5 dxc5 29. g3 Kb6 30. Re1 Ka5 31. Re4 f5 32. Rc4 e5 33. Kf1 a6 34. bxa6 Kxa6 35. Ke2 Bd6 36. f3 gxf3+ 37. Kxf3 Kb6 38. g4 fxg4+ 39. Kxg4 Kc6 40. Kf5 Kd5 41. Re4 Bc7 42. Kf6 Bd8+ 43. Kf7 Ba5 44. d3 Bb4 45. Ke7 Bc3 46. Kd7 Bd4 47. Rg4 c4 48. dxc4+ Kxc4 49. Kc6 Kb4 50. Kd5 Kxa4 51. Kc4 Ka5 1/2-1/2

[Event "Araruama op 1st"]
[Site "Araruama"]
[Date "2021.06.04"]
[Round "2"]
[White "Baeta, Marcio Netto"]
[Black "Lima, Darcy Gustavo Macha"]
[Result "0-1"]
[WhiteElo "1895"]
[BlackElo "2522"]
[PlyCount "67"]
[EventDate "2021.06.02"]
[EventType "tourn"]
[EventRounds "6"]
[EventCountry "BRA"]
[SourceTitle "CBM 203 Extra"]
[Source "ChessBase"]
[SourceDate "2021.09.30"]
[SourceVersion "1"]
[SourceVersionDate "2021.09.30"]
[SourceQuality "1"]

1. e4 c5 2. d4 cxd4 3. Nf3 a6 4. Nxd4 e5 5. Nb3 Nf6 6. Nc3 Bb4 7. Bd3 d5 8. exd5 Qxd5 9. 0-0 Bxc3 10. bxc3 0-0 11. c4 Qc6 12. Ba3 Re8 13. Re1 Nbd7 14. Qe2 b6 15. f3 Bb7 16. Nd2 Nc5 17. Ne4 Nfxe4 18. Bxe4 Nxe4 19. fxe4 Rac8 20. Rab1 Re6 21. c5 bxc5 22. Qc4 h6 23. Rb3 Rd6 24. Bb2 Re6 25. Ba3 Re7 26. Rc3 Rec7 27. Rb3 Kh7 28. Bb2 f6 29. Bc3 Rd7 30. Ba5 Qd6 31. Rd3 Qe7 32. c3 Rxd3 33. Qxd3 c4 34. Qc2 0-1

[Event "Florianopolis op 6th"]
[Site "Florianopolis"]
[Date "2020.01.25"]
[Round "9"]
[White "Baeta, Marcio Netto"]
[Black "Kim, Thiago"]
[Result "1-0"]
[WhiteElo "1953"]
[BlackElo "1717"]
[PlyCount "63"]
[EventDate "2020.01.20"]
[EventType "swiss"]
[EventRounds "10"]
[EventCountry "BRA"]
[SourceTitle "CBM 194 Extra"]
[Source "ChessBase"]
[SourceDate "2020.03.31"]
[SourceVersion "1"]
[SourceVersionDate "2020.03.31"]
[SourceQuality "1"]

1. e4 c5 2. d4 cxd4 3. Nf3 e6 4. Nxd4 Nf6 5. Nc3 Nc6 6. Be3 Bb4 7. Bd3 d5 8. Nxc6 bxc6 9. e5 d4 10. exf6 Qxf6 11. Be4 e5 12. Bg5 Qe6 13. a3 Ba5 14. b4 Bb6 15. Na4 f5 16. Nxb6 axb6 17. Bd3 0-0 18. 0-0 h6 19. Bd2 e4 20. Re1 Qd5 21. Bf1 f4 22. f3 e3 23. Bc1 c5 24. Bb2 Bf5 25. Bd3 Rad8 26. Qe2 Bxd3 27. cxd3 g5 28. Rec1 g4 29. Rc4 Rf7 30. Rac1 Rdf8 31. bxc5 b5 32. Rxd4 1-0